[Event "RN-2017-0-01380"]
[Site "LSS email"]
[Date "2017.12.19"]
[Round "?"]
[White "Janousek, Ladislav"]
[Black "Molina, Vicente Andres"]
[Result "1/2-1/2"]
[WhiteElo "960"]
[BlackElo "604"]
[PlyCount "73"]
[EventDate "2017.12.11"]
[EventType "tourn (corr)"]
[EventRounds "6"]
[EventCountry "GER"]
[SourceTitle "Corr 2022"]
[Source "ChessBase"]
[SourceDate "2021.10.24"]
[SourceVersion "1"]
[SourceVersionDate "2021.10.24"]
[SourceQuality "1"]

1. e4 e5 2. Nf3 Nc6 3. d4 exd4 4. Nxd4 d6 5. Bb5 Bd7 6. Nxc6 bxc6 7. Ba4 Nf6 8. Nc3 Be7 9. Be3 0-0 10. h3 Re8 11. Qf3 c5 12. Bxd7 Qxd7 13. Rd1 Qe6 14. 0-0 Bf8 15. Bd2 c6 16. Rfe1 Rab8 17. b3 Nd7 18. Qg3 Ne5 19. f4 Nd7 20. h4 f5 21. h5 fxe4 22. Nxe4 Nf6 23. Nxc5 Qf5 24. Na6 Rxe1+ 25. Rxe1 Rb5 26. c4 Rb7 27. a4 Ne4 28. Qd3 Rf7 29. Qxe4 Qxh5 30. Qe6 d5 31. cxd5 cxd5 32. Bb4 Bxb4 33. Nxb4 Qh4 34. Nxd5 g5 35. fxg5 Qf2+ 36. Kh2 Qh4+ 37. Kg1 1/2-1/2

[Event "RN-2017-0-01380"]
[Site "LSS email"]
[Date "2017.12.19"]
[Round "?"]
[White "Vontina, Maria"]
[Black "Janousek, Ladislav"]
[Result "1-0"]
[WhiteElo "831"]
[BlackElo "960"]
[PlyCount "39"]
[EventDate "2017.12.11"]
[EventType "tourn (corr)"]
[EventRounds "6"]
[EventCountry "GER"]
[SourceTitle "Corr 2022"]
[Source "ChessBase"]
[SourceDate "2021.10.24"]
[SourceVersion "1"]
[SourceVersionDate "2021.10.24"]
[SourceQuality "1"]

1. e4 c6 2. d4 d5 3. Nc3 dxe4 4. Nxe4 e5 5. Nf3 Bg4 6. Be2 exd4 7. Qxd4 Qxd4 8. Nxd4 Bxe2 9. Kxe2 Bc5 10. Nxc5 b6 11. Nd3 Ne7 12. Re1 0-0 13. Bd2 Re8 14. Kf1 Nd7 15. Nf3 h6 16. Nb4 a5 17. Nd3 b5 18. a3 Kf8 19. Rad1 g6 20. Bxh6+ 1-0

[Event "OP-2017-0-04470"]
[Site "LSS email"]
[Date "2017.11.12"]
[Round "?"]
[White "Janousek, Ladislav"]
[Black "Firnhaber, Ingo"]
[Result "0-1"]
[WhiteElo "982"]
[BlackElo "2398"]
[PlyCount "54"]
[EventDate "2017.11.02"]
[EventType "tourn (corr)"]
[EventRounds "4"]
[EventCountry "GER"]
[SourceTitle "Corr 2022"]
[Source "ChessBase"]
[SourceDate "2021.10.24"]
[SourceVersion "1"]
[SourceVersionDate "2021.10.24"]
[SourceQuality "1"]

1. e4 c5 2. Nf3 d6 3. d4 cxd4 4. Nxd4 Nf6 5. Nc3 a6 6. Be2 e5 7. Nb3 Be6 8. f4 Be7 9. f5 Bd7 10. Bg5 Bc6 11. Bxf6 Bxf6 12. 0-0 0-0 13. Bc4 Qc7 14. Nd5 Bxd5 15. Bxd5 Nd7 16. c4 Rac8 17. Rc1 Bg5 18. Rc3 Qb6+ 19. Kh1 Nf6 20. g3 h5 21. h3 Rc7 22. Qc2 Rfc8 23. Nd2 Nxd5 24. cxd5 Rxc3 25. bxc3 Qe3 26. Nf3 Rxc3 27. Qf2 Qxe4 0-1

[Event "OP-2017-0-04470"]
[Site "LSS email"]
[Date "2017.11.12"]
[Round "?"]
[White "Privitera, Santo"]
[Black "Janousek, Ladislav"]
[Result "1-0"]
[WhiteElo "800"]
[BlackElo "982"]
[PlyCount "59"]
[EventDate "2017.11.02"]
[EventType "tourn (corr)"]
[EventRounds "4"]
[EventCountry "GER"]
[SourceTitle "Corr 2022"]
[Source "ChessBase"]
[SourceDate "2021.10.24"]
[SourceVersion "1"]
[SourceVersionDate "2021.10.24"]
[SourceQuality "1"]

1. e4 c5 2. Nf3 e6 3. d4 cxd4 4. Nxd4 d5 5. Bb5+ Bd7 6. exd5 Bxb5 7. Nxb5 Qa5+ 8. N1c3 Bb4 9. 0-0 Nf6 10. dxe6 0-0 11. exf7+ Rxf7 12. Be3 a6 13. a3 Bxc3 14. Nxc3 Nc6 15. h3 Rd8 16. Qe2 Nd5 17. Nxd5 Rxd5 18. Rad1 h6 19. Rxd5 Qxd5 20. Rd1 Qe6 21. Qd2 Qe7 22. Qd5 Kh8 23. c4 Rf8 24. Bc5 Qf6 25. Bxf8 Qxf8 26. b4 Qf4 27. Re1 Qf6 28. Re8+ Kh7 29. Qg8+ Kg6 30. Re6 1-0

[Event "OP-2017-0-04370"]
[Site "LSS email"]
[Date "2017.06.18"]
[Round "?"]
[White "Janousek, Ladislav"]
[Black "Digiglio, Rafael"]
[Result "1-0"]
[WhiteElo "993"]
[BlackElo "592"]
[PlyCount "97"]
[EventDate "2017.06.12"]
[EventType "tourn (corr)"]
[EventRounds "4"]
[EventCountry "GER"]
[SourceTitle "Corr 2022"]
[Source "ChessBase"]
[SourceDate "2021.10.24"]
[SourceVersion "1"]
[SourceVersionDate "2021.10.24"]
[SourceQuality "1"]

1. e4 e6 2. d4 d5 3. e5 Nc6 4. Bb5 Bd7 5. Nf3 a6 6. Ba4 b5 7. Bb3 Na5 8. c3 b4 9. Bc2 Nc4 10. b3 Nb6 11. Be3 bxc3 12. Nxc3 f6 13. g4 h6 14. Bg6+ Ke7 15. h4 Be8 16. Qd3 Bxg6 17. Qxg6 Qe8 18. h5 Qxg6 19. hxg6 Kd7 20. exf6 Nxf6 21. Ne5+ Ke7 22. f3 Nbd7 23. Nf7 Rg8 24. Ne2 Ne8 25. Bf4 Kf6 26. Ne5 Nxe5 27. Bxe5+ Kxg6 28. Nf4+ Kf7 29. Rc1 Bd6 30. Bxd6 cxd6 31. Kf2 Ra7 32. Rc6 g5 33. Nh5 Rg6 34. Rhc1 Ke7 35. b4 Kd7 36. a4 Rc7 37. b5 Rxc6 38. Rxc6 axb5 39. axb5 Nc7 40. Rb6 Nxb5 41. Rxb5 Kc6 42. Rb3 e5 43. Rc3+ Kd7 44. Ke3 Ke6 45. Rc8 Kd7 46. Ra8 Kc6 47. Ng3 Rf6 48. dxe5 dxe5 49. Ra6+ 1-0

[Event "OP-2017-0-04370"]
[Site "LSS email"]
[Date "2017.06.17"]
[Round "?"]
[White "Pech, Stepan"]
[Black "Janousek, Ladislav"]
[Result "1-0"]
[WhiteElo "1695"]
[BlackElo "993"]
[PlyCount "31"]
[EventDate "2017.06.12"]
[EventType "tourn (corr)"]
[EventRounds "4"]
[EventCountry "GER"]
[SourceTitle "Corr 2022"]
[Source "ChessBase"]
[SourceDate "2021.10.24"]
[SourceVersion "1"]
[SourceVersionDate "2021.10.24"]
[SourceQuality "1"]

1. e4 c5 2. Nf3 d6 3. d4 cxd4 4. Nxd4 e5 5. Bb5+ Bd7 6. Bxd7+ Qxd7 7. Ne2 Nf6 8. Nbc3 Be7 9. Bg5 Qc6 10. Bxf6 Bxf6 11. Qd2 0-0 12. 0-0-0 Rd8 13. Nd5 Nd7 14. Ng3 Rac8 15. Nf5 g6 16. Nfe7+ 1-0

[Event "ZN-2017-0-03571"]
[Site "LSS email"]
[Date "2017.06.15"]
[Round "?"]
[White "Janousek, Ladislav"]
[Black "Trzebiatowski, Krzysztof"]
[Result "0-1"]
[WhiteElo "984"]
[BlackElo "2061"]
[PlyCount "44"]
[EventDate "2017.06.11"]
[EventType "match (corr)"]
[EventRounds "2"]
[EventCountry "GER"]
[SourceTitle "Corr 2022"]
[Source "ChessBase"]
[SourceDate "2021.10.24"]
[SourceVersion "1"]
[SourceVersionDate "2021.10.24"]
[SourceQuality "1"]

1. e4 e5 2. Nf3 Nc6 3. Bc4 Nf6 4. Nc3 Nxe4 5. Nxe4 d5 6. Bxd5 Qxd5 7. Nc3 Qa5 8. 0-0 Bg4 9. Re1 0-0-0 10. h3 Bh5 11. Re3 Bc5 12. Re4 Kb8 13. g4 Bg6 14. Re2 f5 15. a3 fxg4 16. hxg4 Qa6 17. d3 h5 18. Nxe5 Nxe5 19. Rxe5 Bxf2+ 20. Kg2 hxg4 21. Qxg4 Qc6+ 22. Qf3 Rh2+ 0-1

[Event "ZN-2017-0-03551"]
[Site "LSS email"]
[Date "2017.05.28"]
[Round "?"]
[White "Kuttner, Jaromir"]
[Black "Janousek, Ladislav"]
[Result "0-1"]
[WhiteElo "838"]
[BlackElo "979"]
[PlyCount "44"]
[EventDate "2017.05.17"]
[EventType "match (corr)"]
[EventRounds "2"]
[EventCountry "GER"]
[SourceTitle "Corr 2022"]
[Source "ChessBase"]
[SourceDate "2021.10.24"]
[SourceVersion "1"]
[SourceVersionDate "2021.10.24"]
[SourceQuality "1"]

1. e4 e6 2. d4 d5 3. e5 c5 4. c3 c4 5. b3 b5 6. Nf3 h6 7. Ba3 Bxa3 8. Nxa3 Qa5 9. Qc1 f6 10. bxc4 bxc4 11. Be2 Nd7 12. 0-0 Ne7 13. Rb1 0-0 14. Rb5 Qc7 15. Bd1 Ba6 16. Rb2 Rab8 17. Qd2 Rxb2 18. Qxb2 Rb8 19. Qc2 fxe5 20. dxe5 Nxe5 21. Nd4 Nd3 22. Nxe6 Qd6 0-1

[Event "OP-2017-0-04314"]
[Site "LSS email"]
[Date "2017.03.31"]
[Round "?"]
[White "Caviglia, Maximiliano"]
[Black "Janousek, Ladislav"]
[Result "0-1"]
[WhiteElo "925"]
[BlackElo "994"]
[PlyCount "66"]
[EventDate "2017.03.26"]
[EventType "tourn (corr)"]
[EventRounds "4"]
[EventCountry "GER"]
[SourceTitle "Corr 2022"]
[Source "ChessBase"]
[SourceDate "2021.10.24"]
[SourceVersion "1"]
[SourceVersionDate "2021.10.24"]
[SourceQuality "1"]

1. e4 c5 2. Nf3 Nc6 3. d4 cxd4 4. Nxd4 Nf6 5. Nc3 a6 6. Be2 e5 7. Nxc6 bxc6 8. 0-0 d5 9. Bg5 Be7 10. Bxf6 Bxf6 11. exd5 cxd5 12. Qxd5 Be6 13. Qc6+ Bd7 14. Qd6 Be6 15. Qxd8+ Bxd8 16. Rfd1 0-0 17. Bf3 Ra7 18. h3 f5 19. Bd5 Bf7 20. Bxf7+ Kxf7 21. Rd5 Ke6 22. Rad1 Be7 23. Re1 Bf6 24. Red1 Be7 25. Re1 Bd6 26. Red1 Bc7 27. Rd7 e4 28. Rxg7 Bh2+ 29. Kxh2 Rxg7 30. Ne2 f4 31. Nc3 e3 32. fxe3 f3 33. g4 h5 0-1

[Event "OP-2016-0-04225"]
[Site "LSS email"]
[Date "2016.12.11"]
[Round "?"]
[White "Ranalli, Emmanuel"]
[Black "Janousek, Ladislav"]
[Result "1/2-1/2"]
[WhiteElo "1296"]
[BlackElo "1026"]
[PlyCount "49"]
[EventDate "2016.12.03"]
[EventType "tourn (corr)"]
[EventRounds "4"]
[EventCountry "GER"]
[SourceTitle "Corr 2022"]
[Source "ChessBase"]
[SourceDate "2021.10.24"]
[SourceVersion "1"]
[SourceVersionDate "2021.10.24"]
[SourceQuality "1"]

1. e4 e5 2. Nf3 Nc6 3. Bb5 Nf6 4. Nc3 Bb4 5. 0-0 Bxc3 6. dxc3 0-0 7. Re1 d6 8. h3 Bd7 9. Bg5 a6 10. Bxc6 Bxc6 11. Bxf6 Qxf6 12. c4 Qg6 13. Nh4 Qe6 14. b3 b5 15. Qd3 bxc4 16. bxc4 Rab8 17. Rab1 g6 18. g4 Qe7 19. Ng2 Rb6 20. Rxb6 cxb6 21. Rd1 Rd8 22. f3 g5 23. Ne3 Qe6 24. Nf5 f6 25. Kg2 1/2-1/2

[Event "OP-2016-0-04225"]
[Site "LSS email"]
[Date "2016.12.10"]
[Round "?"]
[White "Janousek, Ladislav"]
[Black "Vontina, Maria"]
[Result "0-1"]
[WhiteElo "1026"]
[BlackElo "677"]
[PlyCount "78"]
[EventDate "2016.12.03"]
[EventType "tourn (corr)"]
[EventRounds "4"]
[EventCountry "GER"]
[SourceTitle "Corr 2022"]
[Source "ChessBase"]
[SourceDate "2021.10.24"]
[SourceVersion "1"]
[SourceVersionDate "2021.10.24"]
[SourceQuality "1"]

1. e4 e6 2. d4 d5 3. e5 c5 4. Be3 cxd4 5. Bxd4 Nc6 6. Bb5 Bd7 7. Bxc6 Bxc6 8. Ne2 Ne7 9. 0-0 Ng6 10. Nd2 Be7 11. f4 0-0 12. Nf3 b6 13. Ng3 Rc8 14. f5 exf5 15. Nxf5 Bd7 16. Qd3 Be6 17. Ng3 Bc5 18. c3 Be7 19. Nf5 Qd7 20. Nxe7+ Qxe7 21. h3 Qc7 22. Ng5 Qc4 23. Qxc4 Rxc4 24. Nxe6 fxe6 25. b4 Ne7 26. g4 Nc6 27. Rxf8+ Kxf8 28. b5 Nxd4 29. cxd4 Rxd4 30. Rc1 Rc4 31. Rxc4 dxc4 32. Kf1 Kf7 33. Ke2 Kg6 34. h4 h5 35. gxh5+ Kxh5 36. Kd2 Kxh4 37. Kc3 Kg4 38. Kxc4 Kf4 39. Kd4 g5 0-1

[Event "ZN-2016-0-03435"]
[Site "LSS email"]
[Date "2016.10.21"]
[Round "?"]
[White "Cherry, Brian"]
[Black "Janousek, Ladislav"]
[Result "0-1"]
[WhiteElo "432"]
[BlackElo "1026"]
[PlyCount "70"]
[EventDate "2016.10.09"]
[EventType "match (corr)"]
[EventRounds "2"]
[EventCountry "GER"]
[SourceTitle "Corr 2022"]
[Source "ChessBase"]
[SourceDate "2021.10.24"]
[SourceVersion "1"]
[SourceVersionDate "2021.10.24"]
[SourceQuality "1"]

1. e4 c5 2. Nf3 Nc6 3. c3 Nf6 4. d3 d6 5. Qe2 e6 6. Bg5 Be7 7. Nbd2 b5 8. c4 b4 9. b3 Nd4 10. Nxd4 cxd4 11. f4 h6 12. Bh4 e5 13. f5 Nh7 14. Bxe7 Qxe7 15. 0-0-0 a5 16. Nb1 a4 17. Qb2 Qa7 18. Rd2 Bd7 19. a3 axb3 20. Qxb3 bxa3 21. Ra2 Rb8 22. Qxa3 Qxa3+ 23. Rxa3 0-0 24. Be2 Ra8 25. Kd2 Rxa3 26. Nxa3 Rb8 27. Rb1 Rxb1 28. Nxb1 Ba4 29. Ke1 Kf8 30. Bd1 Bxd1 31. Kxd1 Nf6 32. Nd2 Ng4 33. h3 Ne3+ 34. Ke2 Nxg2 35. Nf3 Nf4+ 0-1

[Event "OP-2016-0-04188"]
[Site "LSS email"]
[Date "2016.10.21"]
[Round "?"]
[White "Janousek, Ladislav"]
[Black "Perez Garcia, Miguel"]
[Result "0-1"]
[WhiteElo "1026"]
[BlackElo "1578"]
[PlyCount "68"]
[EventDate "2016.10.16"]
[EventType "tourn (corr)"]
[EventRounds "4"]
[EventCountry "GER"]
[SourceTitle "Corr 2022"]
[Source "ChessBase"]
[SourceDate "2021.10.24"]
[SourceVersion "1"]
[SourceVersionDate "2021.10.24"]
[SourceQuality "1"]

1. e4 e6 2. d4 d5 3. e5 c5 4. c3 Nc6 5. Nf3 Qb6 6. Be2 cxd4 7. cxd4 Nge7 8. 0-0 Nf5 9. Nc3 Nfxd4 10. Nxd4 Qxd4 11. Qxd4 Nxd4 12. Bd3 Be7 13. Be3 Nc6 14. Nb5 0-0 15. Rfc1 Nxe5 16. Be2 Nc6 17. Nc7 Rb8 18. Nb5 Bf6 19. Rab1 e5 20. Nxa7 Bf5 21. Nxc6 bxc6 22. Ra1 d4 23. Bd2 Rxb2 24. Rd1 e4 25. Bc4 Re8 26. Bc1 Rb4 27. Bb3 e3 28. Bb2 e2 29. Re1 d3 30. Bxf6 gxf6 31. Reb1 c5 32. a3 Rxb3 33. Rxb3 e1Q+ 34. Rxe1 Rxe1# 0-1

[Event "OP-2016-0-03895"]
[Site "LSS email"]
[Date "2016.01.04"]
[Round "?"]
[White "Janousek, Ladislav"]
[Black "Mostowik, Daniel"]
[Result "0-1"]
[WhiteElo "1074"]
[BlackElo "2103"]
[PlyCount "26"]
[EventDate "2015.12.07"]
[EventType "tourn (corr)"]
[EventRounds "4"]
[EventCountry "GER"]
[SourceTitle "Corr 2022"]
[Source "ChessBase"]
[SourceDate "2021.10.24"]
[SourceVersion "1"]
[SourceVersionDate "2021.10.24"]
[SourceQuality "1"]

1. e4 c5 2. Nf3 d6 3. Bc4 Nf6 4. d3 e6 5. Bg5 Be7 6. h3 h6 7. Bh4 0-0 8. e5 dxe5 9. Nxe5 Nbd7 10. f4 Nd5 11. Bxe7 Qxe7 12. Nxd7 Qh4+ 13. Kd2 Qxf4+ 0-1

[Event "OP-2015-0-03895"]
[Site "LSS email"]
[Date "2015.12.13"]
[Round "?"]
[White "Buecker, Juergen"]
[Black "Janousek, Ladislav"]
[Result "1-0"]
[WhiteElo "2483"]
[BlackElo "1074"]
[PlyCount "55"]
[EventDate "2015.12.07"]
[EventType "tourn (corr)"]
[EventRounds "4"]
[EventCountry "GER"]
[SourceTitle "Corr 2022"]
[Source "ChessBase"]
[SourceDate "2021.10.24"]
[SourceVersion "1"]
[SourceVersionDate "2021.10.24"]
[SourceQuality "1"]

1. e4 c5 2. Nf3 Nc6 3. Bb5 g6 4. Bxc6 bxc6 5. 0-0 Bg7 6. Re1 Nf6 7. e5 Ng4 8. h3 Nh6 9. Nc3 0-0 10. d3 f5 11. b3 e6 12. Na4 d6 13. exd6 Bxa1 14. Bxh6 Bg7 15. Bxg7 Kxg7 16. Qa1+ Kg8 17. Qe5 f4 18. Nxc5 Rf5 19. Qd4 Rd5 20. Qc3 Qxd6 21. Ne4 Qe7 22. Nf6+ Kf7 23. Nxd5 cxd5 24. Qh8 Qf8 25. Ne5+ Ke7 26. Qxh7+ Kd8 27. c4 d4 28. Re4 1-0

[Event "ZN-2015-0-03205"]
[Site "LSS email"]
[Date "2015.12.10"]
[Round "?"]
[White "Lenz, Juergen"]
[Black "Janousek, Ladislav"]
[Result "1-0"]
[WhiteElo "974"]
[BlackElo "1074"]
[PlyCount "69"]
[EventDate "2015.12.07"]
[EventType "match (corr)"]
[EventRounds "2"]
[EventCountry "GER"]
[SourceTitle "Corr 2022"]
[Source "ChessBase"]
[SourceDate "2021.10.24"]
[SourceVersion "1"]
[SourceVersionDate "2021.10.24"]
[SourceQuality "1"]

1. d4 d5 2. Bf4 Nf6 3. e3 Nc6 4. c4 e6 5. Nc3 Bb4 6. Nf3 Ne4 7. Rc1 Nxc3 8. bxc3 Ba3 9. Rb1 Be7 10. Qa4 Qd7 11. Qc2 b6 12. Ne5 Nxe5 13. Bxe5 f6 14. Bg3 Ba6 15. cxd5 exd5 16. Bxa6 0-0 17. Qb3 Bd6 18. Qxd5+ Qf7 19. Qxf7+ Kxf7 20. Bc4+ Ke7 21. Bd5 Rad8 22. c4 c5 23. Bxd6+ Kxd6 24. dxc5+ bxc5 25. Ke2 Rb8 26. Rb3 Rb6 27. Rhb1 Rfb8 28. Rxb6+ Rxb6 29. Rxb6+ axb6 30. a4 g5 31. f4 h6 32. fxg5 fxg5 33. g4 Ke5 34. Kd3 Kf6 35. Ke4 1-0

[Event "OP-2015-0-03847"]
[Site "LSS email"]
[Date "2015.10.21"]
[Round "?"]
[White "Feng, Jason"]
[Black "Janousek, Ladislav"]
[Result "1-0"]
[WhiteElo "972"]
[BlackElo "1267"]
[PlyCount "53"]
[EventDate "2015.10.17"]
[EventType "tourn (corr)"]
[EventRounds "4"]
[EventCountry "GER"]
[SourceTitle "Corr 2022"]
[Source "ChessBase"]
[SourceDate "2021.10.24"]
[SourceVersion "1"]
[SourceVersionDate "2021.10.24"]
[SourceQuality "1"]

1. d4 Nf6 2. c4 e6 3. Nf3 d5 4. Nc3 Bb4 5. Bg5 Bxc3+ 6. bxc3 Nbd7 7. cxd5 exd5 8. e3 h6 9. Bh4 g5 10. Bg3 Ne4 11. Qc2 Nxg3 12. hxg3 Nf6 13. Nxg5 Ng4 14. Nf3 Qf6 15. Bd3 Be6 16. Nh2 h5 17. Nxg4 hxg4 18. Ke2 Qg7 19. Rh4 Ke7 20. Rah1 Rxh4 21. gxh4 f5 22. Bxf5 Bxf5 23. Qxf5 Rf8 24. Qxd5 Qf6 25. Qe5+ Kd7 26. Qxf6 Rxf6 27. h5 1-0

[Event "OP-2015-0-03847"]
[Site "LSS email"]
[Date "2015.10.21"]
[Round "?"]
[White "Janousek, Ladislav"]
[Black "Garcia, Javier"]
[Result "0-1"]
[WhiteElo "1267"]
[BlackElo "824"]
[PlyCount "44"]
[EventDate "2015.10.17"]
[EventType "tourn (corr)"]
[EventRounds "4"]
[EventCountry "GER"]
[SourceTitle "Corr 2022"]
[Source "ChessBase"]
[SourceDate "2021.10.24"]
[SourceVersion "1"]
[SourceVersionDate "2021.10.24"]
[SourceQuality "1"]

1. e4 c5 2. Nf3 d6 3. Bc4 h6 4. d3 Bg4 5. Bd5 Nc6 6. Bxc6+ bxc6 7. 0-0 Nf6 8. h3 Bh5 9. Qe1 Bxf3 10. gxf3 e5 11. f4 Be7 12. fxe5 dxe5 13. Be3 0-0 14. f4 Qd7 15. Qg3 Nh5 16. Qg4 Qxg4+ 17. hxg4 Nxf4 18. Bxf4 exf4 19. Rxf4 Bg5 20. Rf5 Rab8 21. b3 g6 22. Rxc5 Be3+ 0-1

[Event "OP-2015-0-03846"]
[Site "LSS email"]
[Date "2015.10.20"]
[Round "?"]
[White "Janousek, Ladislav"]
[Black "Cvak, Rudolf"]
[Result "0-1"]
[WhiteElo "1267"]
[BlackElo "1981"]
[PlyCount "44"]
[EventDate "2015.10.15"]
[EventType "tourn (corr)"]
[EventRounds "4"]
[EventCountry "GER"]
[SourceTitle "Corr 2022"]
[Source "ChessBase"]
[SourceDate "2021.10.24"]
[SourceVersion "1"]
[SourceVersionDate "2021.10.24"]
[SourceQuality "1"]

1. e4 c5 2. Nf3 Nc6 3. d4 cxd4 4. Nxd4 g6 5. Bc4 Bg7 6. Nxc6 bxc6 7. Qf3 Nf6 8. Bg5 d5 9. exd5 Bg4 10. Bxf6 Bxf3 11. Bxg7 Bxg2 12. Rg1 Rg8 13. Rxg2 Rxg7 14. Nc3 cxd5 15. 0-0-0 e6 16. Bb5+ Kf8 17. Rd4 Qb6 18. Ra4 d4 19. Ra6 Qb7 20. a4 Qxg2 21. Nd1 Qg5+ 22. Kb1 Qd2 0-1

[Event "OP-2015-0-03846"]
[Site "LSS email"]
[Date "2015.10.20"]
[Round "?"]
[White "Wakeham, Marc R"]
[Black "Janousek, Ladislav"]
[Result "0-1"]
[WhiteElo "695"]
[BlackElo "1267"]
[PlyCount "76"]
[EventDate "2015.10.15"]
[EventType "tourn (corr)"]
[EventRounds "4"]
[EventCountry "GER"]
[SourceTitle "Corr 2022"]
[Source "ChessBase"]
[SourceDate "2021.10.24"]
[SourceVersion "1"]
[SourceVersionDate "2021.10.24"]
[SourceQuality "1"]

1. e4 c6 2. d4 d5 3. Nc3 e6 4. Bf4 Bb4 5. a3 Bxc3+ 6. bxc3 Nf6 7. exd5 Nxd5 8. Bd2 b5 9. Nf3 h6 10. c4 bxc4 11. Bxc4 0-0 12. 0-0 Ba6 13. Be2 Bxe2 14. Qxe2 Nd7 15. c4 N5b6 16. Ba5 Qf6 17. Qe3 Nxc4 18. Qc3 Nxa5 19. Qxa5 Qd8 20. Qxd8 Rfxd8 21. Rfc1 Rdc8 22. Rc2 Rab8 23. Rac1 f6 24. g3 Rb6 25. a4 Ra6 26. Ra1 Nb6 27. a5 Nd5 28. Rc5 Kf7 29. Kf1 Rb8 30. Rac1 Rb5 31. Rxc6 Rxc6 32. Rxc6 Rxa5 33. Rc8 Ra2 34. Rc1 a5 35. Rd1 g5 36. Ne1 Nc3 37. Rd3 Ne4 38. Rf3 Nd2+ 0-1

[Event "OP-2014-0-03277"]
[Site "LSS email"]
[Date "2014.02.03"]
[Round "?"]
[White "Janousek, Ladislav"]
[Black "Krause, Peter"]
[Result "0-1"]
[WhiteElo "1347"]
[BlackElo "2410"]
[PlyCount "34"]
[EventDate "2014.02.01"]
[EventType "tourn (corr)"]
[EventRounds "4"]
[EventCountry "GER"]
[SourceTitle "Corr 2022"]
[Source "ChessBase"]
[SourceDate "2021.10.24"]
[SourceVersion "1"]
[SourceVersionDate "2021.10.24"]
[SourceQuality "1"]

1. e4 e5 2. Nf3 Nc6 3. Bb5 a6 4. Ba4 Nf6 5. Nc3 Bc5 6. h3 d6 7. d4 exd4 8. Nxd4 Bd7 9. Bxc6 Bxc6 10. Nxc6 bxc6 11. Qf3 0-0 12. Bg5 Bd4 13. 0-0-0 Be5 14. Qe2 Bxc3 15. bxc3 h6 16. Bh4 Qe7 17. Bxf6 Qxf6 0-1

[Event "ZL-2014-0-01405"]
[Site "LSS email"]
[Date "2014.02.02"]
[Round "?"]
[White "Janousek, Ladislav"]
[Black "Bieszk, Stanislaw"]
[Result "0-1"]
[WhiteElo "1033"]
[BlackElo "983"]
[PlyCount "38"]
[EventDate "2014.01.24"]
[EventType "match (corr)"]
[EventRounds "2"]
[EventCountry "GER"]
[SourceTitle "Telechess CBM 167"]
[Source "ChessBase"]
[SourceDate "2015.07.13"]
[SourceVersion "1"]
[SourceVersionDate "2015.07.13"]
[SourceQuality "1"]

1. d4 Nf6 2. Nc3 d5 3. Bg5 Nbd7 4. Nf3 e6 5. Ne5 Bd6 6. Nxd7 Bxd7 7. e3 h6 8. Bxf6 Qxf6 9. Qf3 Qxf3 10. gxf3 c5 11. Bb5 cxd4 12. Bxd7+ Kxd7 13. exd4 Bb4 14. 0-0-0 Bxc3 15. bxc3 Rac8 16. Kd2 Rc4 17. Ra1 Rhc8 18. Rhb1 b6 19. Rb3 e5 0-1

[Event "OP-2014-0-03275"]
[Site "LSS email"]
[Date "2014.02.02"]
[Round "?"]
[White "Janousek, Ladislav"]
[Black "Lenz, Juergen"]
[Result "0-1"]
[WhiteElo "1033"]
[BlackElo "1087"]
[PlyCount "44"]
[EventDate "2014.01.30"]
[EventType "tourn (corr)"]
[EventRounds "4"]
[EventCountry "GER"]
[SourceTitle "Telechess CBM 167"]
[Source "ChessBase"]
[SourceDate "2015.07.13"]
[SourceVersion "1"]
[SourceVersionDate "2015.07.13"]
[SourceQuality "1"]

1. d4 c5 2. d5 Nf6 3. c4 Ne4 4. Qd3 Qa5+ 5. Nd2 Nd6 6. Ngf3 g6 7. g3 Bg7 8. Bg2 Nf5 9. 0-0 0-0 10. Nb3 Qc7 11. e4 Nd6 12. e5 Nf5 13. g4 Nd4 14. Nbxd4 cxd4 15. Bf4 d6 16. exd6 exd6 17. Nxd4 Qc5 18. Be3 Qa5 19. a3 Bxg4 20. Bd2 Qb6 21. Bc3 Nd7 22. h3 Bh5 0-1

[Event "OP-2014-0-03274"]
[Site "LSS email"]
[Date "2014.02.02"]
[Round "?"]
[White "Janousek, Ladislav"]
[Black "Martindale, Roger"]
[Result "0-1"]
[WhiteElo "1347"]
[BlackElo "845"]
[PlyCount "22"]
[EventDate "2014.01.29"]
[EventType "tourn (corr)"]
[EventRounds "4"]
[EventCountry "GER"]
[SourceTitle "Corr 2022"]
[Source "ChessBase"]
[SourceDate "2021.10.24"]
[SourceVersion "1"]
[SourceVersionDate "2021.10.24"]
[SourceQuality "1"]

1. e4 e5 2. Nf3 d6 3. d4 f6 4. dxe5 fxe5 5. Nc3 h6 6. Bc4 Nf6 7. h3 c5 8. Nd5 Nc6 9. Nxf6+ Qxf6 10. Bb5 Bd7 11. Bd2 a6 0-1

[Event "RE-2013-0-00134"]
[Site "LSS email"]
[Date "2014.01.31"]
[Round "?"]
[White "Janousek, Ladislav"]
[Black "Kalinin, Vyacheslav"]
[Result "0-1"]
[WhiteElo "1033"]
[BlackElo "1327"]
[PlyCount "34"]
[EventDate "2013.12.01"]
[EventType "tourn (corr)"]
[EventRounds "6"]
[EventCountry "GER"]
[SourceTitle "Telechess CBM 167"]
[Source "ChessBase"]
[SourceDate "2015.07.13"]
[SourceVersion "1"]
[SourceVersionDate "2015.07.13"]
[SourceQuality "1"]

1. e4 c6 2. Nc3 d5 3. exd5 cxd5 4. Qh5 Nf6 5. Qf3 Nc6 6. Bb5 e5 7. d3 Be6 8. a3 Bc5 9. Bxc6+ bxc6 10. Bg5 Be7 11. Bxf6 Bxf6 12. 0-0-0 Rb8 13. Na2 Rxb2 14. Nc3 Qb6 15. Kd2 Bg5+ 16. Ke1 Qa5 17. Nge2 Rxc2 0-1

[Event "RE-2013-0-00134"]
[Site "LSS email"]
[Date "2014.01.30"]
[Round "?"]
[White "Janousek, Ladislav"]
[Black "Stadler, Pavel"]
[Result "0-1"]
[WhiteElo "1033"]
[BlackElo "1349"]
[PlyCount "32"]
[EventDate "2013.12.01"]
[EventType "tourn (corr)"]
[EventRounds "6"]
[EventCountry "GER"]
[SourceTitle "Telechess CBM 167"]
[Source "ChessBase"]
[SourceDate "2015.07.13"]
[SourceVersion "1"]
[SourceVersionDate "2015.07.13"]
[SourceQuality "1"]

1. e4 c5 2. Nf3 d6 3. d4 cxd4 4. Nxd4 Nf6 5. Nc3 a6 6. Bg5 e6 7. Bd3 Be7 8. f4 Nbd7 9. 0-0 Qb6 10. e5 Qxd4+ 11. Kh1 dxe5 12. fxe5 Qxe5 13. Bf4 Qa5 14. Bd2 Qd8 15. Ne4 Nxe4 16. Bxe4 Nf6 0-1